| 000 | 01028cam a22001934a 4500 | ||
|---|---|---|---|
| 005 | 20250605163941.0 | ||
| 008 | 250528s ||||||||||||||||||||||||d | ||
| 035 | _a15030 | ||
| 020 | _a185091611 | ||
| 040 |
_aGR-AtMCL _bgre _dGR-AtMCL _eAACR2 |
||
| 245 | 1 | _aΑ Practical Guide to Creative Accounting | |
| 260 |
_bKogan Page, _c1988 |
||
| 300 | _a160 | ||
| 520 | _aThe author outlines all the possible applications for creative accounting, taking care to set each one within the context of current UK regulations on financial reporting. Accounting and Creative Accounting, Fixed Assets, Current Assets, Liabilities, Income, Expenses, Mergers and Takeovers, Tax, Foreign Currencies, Special Purpose Creative Accounting, The Presentation, Epilogue: Is the Situation Getting Better or Worse?, Appendix: Summary of Statements of Standard Accounting Practice Issued by the Accounting Standards Board, Further Reading from Kogan Page, Index. | ||
| 700 | 1 |
_aJameson Michael _9864 |
|
| 942 | _cBK | ||
| 999 |
_c634 _d634 |
||